[Event "Hessen-ch U16"]
[Site "Bad Homburg"]
[Date "2005.??.??"]
[Round "7"]
[White "Flecken, Darius"]
[Black "Hummel, Florian"]
[Result "0-1"]
[WhiteElo "1340"]
[BlackElo "1345"]
[PlyCount "84"]
[EventDate "2005.04.??"]
[EventType "swiss"]
[EventRounds "8"]
[EventCountry "GER"]
[SourceTitle "EXT 2007"]
[Source "ChessBase"]
[SourceDate "2006.11.23"]
[SourceVersion "1"]
[SourceVersionDate "2006.11.23"]
[SourceQuality "1"]

1. e4 c5 2. Nf3 Nc6 3. Bb5 Qc7 4. c4 g6 5. Nc3 e6 6. 0-0 Bg7 7. Bxc6 Qxc6 8. Re1 Ne7 9. e5 b6 10. d4 cxd4 11. Qxd4 Nf5 12. Qe4 Bb7 13. Qxc6 dxc6 14. Bg5 0-0 15. Rad1 h6 16. Bf6 Bxf6 17. exf6 Rfd8 18. Ne4 c5 19. Rxd8+ Rxd8 20. h3 Nd4 21. Nxd4 Rxd4 22. Nc3 Rxc4 23. Rd1 Rd4 24. Rxd4 cxd4 25. Nd1 g5 26. f3 Kh7 27. Kf2 Kg6 28. g3 Kxf6 29. h4 Kf5 30. hxg5 hxg5 31. Kg2 g4 32. Kf2 Bxf3 33. b4 Bxd1 34. a4 Bxa4 35. b5 Bxb5 36. Kg2 d3 37. Kf2 Ke4 38. Ke1 Kf3 39. Kf1 d2+ 40. Kg1 d1Q+ 41. Kh2 Qe2+ 42. Kh1 Qg2# 0-1